The Oxford 5000 - Letter D - Translate from Polish to English - Statystyki

Ogólne statystyki
  • Ten quiz został rozwiązany 12 razy
  • Średni wynik to 42 z 145
Statystyki odpowiedzi
Polish Angielski % Poprawnych
nabiał, mleczarnia / mleczny, mleczarski dairy
100%
ciemność, mrok darkness
80%
handlarz, diler, rozdający (w grach karcianych) dealer
80%
usuwać, kasować delete
80%
demokracja democracy
80%
demon demon
80%
demonstracja, pokaz demonstration
80%
depresja, przygnębienie, niż gospodarczy/atmosferyczny depression
80%
determinacja determination
80%
diabeł devil
80%
diagnozować diagnose
80%
dyktować, narzucać dictate
80%
dyktator dictator
80%
dyplomata / dyplomatka diplomat
80%
niepełnosprawność disability
80%
niepełnosprawny, wyłączony disabled
80%
dokumentacja documentation
80%
kropka dot
80%
tama, zapora dam
60%
baza danych database
60%
świt dawn
60%
ostateczny termin deadline
60%
oddany, dedykowany dedicated
60%
wada, defekt, usterka defect
60%
obrońca defender
60%
obronny, defensywny defensive
60%
delegacja delegation
60%
demokratyczny democratic
60%
gęsty, zwarty dense
60%
gęstość density
60%
depozyt, kaucja, zadatek / wpłacać, deponować deposit
60%
destrukcyjny, niszczycielski destructive
60%
dewastować, niszczyć, spustoszyć devastate
60%
dylemat dilemma
60%
wymiar dimension
60%
dyplomatyczny diplomatic
60%
dyskryminacja discrimination
60%
rozwód / rozwieść się divorce
60%
doktryna doctrine
60%
dawka dose
60%
głupi dumb
60%
dynamiczny / dynamika dynamic
60%
odważyć się, ośmielić się dare
40%
śmiercionośny, śmiertelny deadly
40%
decydujący, rozstrzygający decisive
40%
deklaracja, oświadczenie declaration
40%
oddanie, poświęcenie, dedykacja dedication
40%
deficyt deficit
40%
delegat / delegatka delegate
40%
delikatny, subtelny delicate
40%
odjeżdżać, odlatywać, wyruszać depart
40%
różnić się differ
40%
godność dignity
40%
nurkować / nurkowanie dive
40%
różnorodny diverse
40%
różnorodność, rozmaitość diversity
40%
datek, darowizna donation
40%
dawca / dawczyni (np. krwi, organów), darczyńca donor
40%
susza drought
40%
tonąć, topić się, utonąć; utopić drown
40%
nazwać, ochrzcić (przydomkiem), dubbingować dub
40%
debiut debut
20%
podejmowanie decyzji decision-making
20%
pokład (statku), talia (kart), taras deck
20%
czyn, akt (notarialny) deed
20%
zachwycony delighted
20%
zależność, uzależnienie dependence
20%
zależny, zdany, uzależniony dependent
20%
pulpit, komputer stacjonarny desktop
20%
zniszczenie, zagłada destruction
20%
wykrycie detection
20%
diagnoza diagnosis
20%
dziesięciocentówka (moneta) dime
20%
rozczarować disappoint
20%
rozczarowanie disappointment
20%
zniechęcać discourage
20%
dyskrecja, swoboda decyzji discretion
20%
zaburzenie (np. medyczne), nieporządek, zamieszki disorder
20%
zakłócać, przerywać disrupt
20%
zakłócenie, przerwa disruption
20%
odróżniać, rozróżniać distinguish
20%
przeszkadzać, zakłócać spokój disturb
20%
domena, dziedzina domain
20%
dominujący dominant
20%
dramatycznie dramatically
20%
dryfować, znosić drift
20%
nudny, tępy (o bólu lub nożu), matowy dull
20%
czas trwania duration
20%
niszczący, szkodliwy damaging
0%
gruzy, szczątki, odpadki debris
0%
uznać (za coś), uważać deem
0%
standard, domyślność, zwłoka (np. w spłacie) default
0%
niedobór, brak deficiency
0%
przeciwstawiać się, ignorować, rzucać wyzwanie defy
0%
zaprzeczenie, odmowa denial
0%
potępić, demaskować, publicznie oskarżyć denounce
0%
przedstawiać, obrazować, ukazywać depict
0%
rozmieścić, rozlokować, wdrożyć (np. system, wojsko) deploy
0%
rozmieszczenie (sił), wdrożenie deployment
0%
pozbawiać (kogoś czegoś) deprive
0%
zastępca / zastępczyni deputy
0%
czerpać (np. przyjemność), wywodzić się, pochodzić derive
0%
schodzić; zstępować descend
0%
zejście, spadek, pochodzenie descent
0%
wyznaczyć, mianować, określić designate
0%
pożądany, wskazany desirable
0%
rozpaczliwie, desperacko desperately
0%
zatrzymać (w areszcie, przez policję), opóźnić detain
0%
zatrzymanie, areszt detention
0%
pogarszać się deteriorate
0%
opracować, wymyślić devise
0%
poświęcać (np. czas, uwagę, życie) devote
0%
rozróżniać, odróżniać differentiate
0%
zmniejszać (się), maleć diminish
0%
zanurzać, maczać, spadać (o cenie/wartości) dip
0%
katalog, książka telefoniczna/adresowa, spis directory
0%
nieporozumienie, różnica zdań, niezgoda disagreement
0%
katastrofalny, fatalny disastrous
0%
wyrzucić, odrzucić, pozbyć się discard
0%
wypisać (ze szpitala), zwolnić, wyładować discharge
0%
ujawnić, wyjawić disclose
0%
ujawnienie (informacji) disclosure
0%
dyskurs, debata, rozprawa, wypowiedź discourse
0%
zwolnienie (z pracy), odrzucenie dismissal
0%
wypierać, zastępować, przesiedlać displace
0%
usunięcie, pozbycie się, dyspozycja disposal
0%
pozbyć się, dysponować dispose
0%
spór, konflikt / kwestionować, spierać się dispute
0%
rozpuszczać (się), rozwiązać (np. parlament, małżeństwo) dissolve
0%
odległy, daleki distant
0%
wyraźny, odrębny distinct
0%
rozróżnienie, różnica, wyróżnienie distinction
0%
charakterystyczny, wyróżniający się distinctive
0%
zniekształcać, wypaczać distort
0%
rozpraszać, odwracać uwagę distract
0%
rozpacz, ból, udręka / martwić, sprawiać ból, niepokoić distress
0%
niepokojący disturbing
0%
przekierować, zmieniać kierunek, odwracać (uwagę) divert
0%
boski, cudowny divine
0%
dominacja dominance
0%
osuszać, odsączać, odpływać, wyczerpywać drain
0%
napędowy, główny driving
0%
podwójny dual
0%
wyrzucić, porzucić (kogoś), wysypisko dump
0%
duet duo
0%
Nie znaleziono quizów pasujących do podanych kryteriów
Rozkład punktacji
Procent ludzi z każdym wynikiem
Percentyl według liczby udzielonych odpowiedzi
Twoja historia wyników
Nie rozwiązałeś tego quizu